Представление документа в формате MARC21

Поле Инд. ПП Название Значение
Тип записи a
Библиографический уровень m
001 Контрольный номер e5a9a3db-1b7e-4a9d-82bf-7ec6398d611f
005 Дата корректировки 20140226213913.9
008 Кодируемые данные 000410 d
040 a Служба первич. каталог. НБ ТвГУ
041 a Код языка текста eng
080 a Индекс УДК 913
084 a Индекс другой классификации/Индекс ББК Д9(0)
090 x Авторский знак Н49
a Полочн. индекс Д9(0)
100 1_ a Автор Heintzelman Oliver H.
245 0_ a Заглавие World regional geography
c Ответственность Oliver H. Heintzelman, Richard M. Highsmith
250 a Основные сведения об издании 4th ed.
260 0_ a Место издания New Jersey
b Издательство Prentice-Hall
c Дата издания 1973
300 a Объем XI,[3],432 p.
b Иллюстрации/ тип воспроизводства ill.
504 a Библиография Ind.: p.423-432.
650 a Основная рубрика География
650 a Основная рубрика Региональная география
653 a Ключевые слова География
a Ключевые слова Региональная география
a Ключевые слова Мировая региональная география
700 1_ a Другие авторы Highsmith Richard M.
930 a Новая/Ретро англ
a Новая/Ретро иностр
954 a Дата поступления на обработку 20000407
999 a Подразделение 2 каб.УиС